Lemonade mouth Quiz Stats

 Plays Quiz not verified by Sporcle

Challenge
Share
Tweet
Embed
Score 0/10 Timer 04:00
0 Plays Today
line chracter % Correct
Indian girl in the bandmo
99.4%
new girl to the schoolstella
97.4%
has a brother away at collegecharlie
95.6%
'shes NOT my mother'wen
94.8%
the loserolivia
88.3%
singer in mud slide crushray
78.1%
Mo's boyfriendscot
70.3%
mean girljules
35.9%
girl that likes charlievictoria
23.9%
principalmr. brennigan
12.2%

You're not logged in!

Compare scores with friends on all Sporcle quizzes.
Join for Free
OR
Log In

You Might Also Like...

Show Comments

Extras

Created May 21, 2011ReportFavoriteNominate
Tags:character, mouth

Top Quizzes Today


Score Distribution

Your Account Isn't Verified!

In order to create a playlist on Sporcle, you need to verify the email address you used during registration. Go to your Sporcle Settings to finish the process.

Report this User

Report this user for behavior that violates our Community Guidelines.

Details: